000 00832nam a22002297a 4500
999 _c5883
_d5883
003 AR-CdUCM
008 190313b ||||| |||| 00| 0 spa d
020 _a950-869-039-9
040 _aMUNICIPALIDAD PROVINCIAL DEL CUSCO
_cBIBLIOTECA MUNICIPAL DEL CUSCO
082 _a982 /
_bEC18
100 _aEchevarria Baleta, Mario
_913180
245 _aLa momia de cerro Gualicho /
260 _aBuenos Aires :
_bCUMACÚ,
_c1995.
300 _a54 paginas ;
_bIlustraciones, mapas,
_c22 cm.
440 _aColección : Temario Antropológico
_917354
500 _aA los 117 años del hallazgo de la momia de cerro Gualicho, Mario Echevarria Baleta, devela e misterio del lugar exacto donde estaba ubicada.
650 _aArgentina
_9511
650 _aMomias
_917355
650 _aDescubrimiento
_9249
942 _2ddc
_cLIBROS
945 _awnts